000 00723nam a22002297a 4500
005 20170124105951.0
010 _aA-760020
020 _c275.00
035 _aA-760020
037 _bCen Lib/Ret
040 _aDPL
_bEN
082 _a230.1
_bSEN
100 _aSen, Sisir Kumar
_913621
245 _aQuest for the original bharata samhita and mahabharata story /
_cby Sisir Kumar Sen
246 _b
260 _b Bahratiya Vidya Bhawan
_aBombay
_c1995
270 _aKulpati Munshi Marg
_b Bombay
_e400007
300 _a534p.
_c21cm(Hb)
650 _aMahābhārata -- Criticism and interpretation.
_913622
650 _a Krishna (Hindu deity)
_913623
942 _2ddc
_cEN
_h230.1
_mSEN
999 _c125290
_d125290